Camp Rock-This Is Me Whole Lyrics - Statistics

General Stats
  • This quiz has been taken 983 times
    980 since last reset
  • The average score is 278 of 311
Answer Stats
Answer % Correct
I
100%
me
99%
this
99%
This
99%
a
98%
be
98%
is
98%
the
98%
The
98%
to
98%
who
97%
I'm
96%
no
96%
in
95%
on
95%
real
95%
am
94%
shine
94%
let
93%
now
93%
supposed
93%
where
93%
you
93%
exactly
92%
light
92%
got
91%
it
91%
my
91%
of
91%
gonna
90%
hid
90%
I've
90%
that
90%
inside
89%
When
89%
girl
87%
know
87%
so
86%
way
86%
always
85%
been
85%
there's
85%
kind
84%
more
84%
find
83%
hold
83%
what
83%
face
82%
have
82%
hear
82%
wanna
82%
You’re
82%
you're
82%
gotta
81%
head
81%
hiding
81%
It's
81%
it's
81%
need
81%
singing
81%
dream
80%
found
80%
reason
80%
voice
80%
time
79%
world
79%
say
78%
afraid
77%
show
76%
tell
76%
but
75%
right
74%
like
72%
dark
71%
Star
69%
only
68%
about
67%
feel
67%
life
67%
do
66%
piece
65%
Shining
65%
away
64%
believe
64%
missing
64%
myself
64%
song
64%
far
63%
too
63%
seems
58%
even
57%
though
55%
ypu're
1%
No matching quizzes found
Score Distribution
Percent of People with Each Score
Percentile by Number Answered
Your Score History
You have not taken this quiz since the last reset